000
00190 a2200085 4500
020
_a
9783035628456
100
_a
STANISLAS CHAILLOU
245
_a
THE ARCHITECTS SOURCEBOOK
260
_b
BIRKHAUSER
999
_c
13049
_d
13049